Kant's categorical imperative as a foundation for development studies and action /
Gardado en:
| Autor Principal: | |
|---|---|
| Formato: | Texto |
| Materias: | |
| Etiquetas: |
Engadir etiqueta
Sen Etiquetas, Sexa o primeiro en etiquetar este rexistro!
|
MARC
| LEADER | 00000 a a2200000 04500 | ||
|---|---|---|---|
| 001 | 18644 | ||
| 003 | |||
| 040 | |||
| 100 | |a Cameron, John | ||
| 245 | |a Kant's categorical imperative as a foundation for development studies and action / |c John Cameron | ||
| 650 | |a NEOLIBERALISMO | ||
| 650 | |a TEORIA | ||
| 650 | |a FILOSOFIA | ||
| 650 | |a DESARROLLO ECONOMICO Y SOCIAL | ||
| 650 | |a ESTADO | ||
| 650 | |a DERECHOS HUMANOS | ||
| 650 | |a RELACIONES HUMANAS | ||
| 650 | |a CONFLICTOS | ||
| 650 | |a DEMOGRAFIA | ||
| 650 | |a DEMOCRACIA | ||
| 650 | |a VIOLENCIA | ||
| 650 | |a DESARROLLO ECONOMICO Y SOCIAL | ||
| 773 | |g volumen 11, número 2; páginas 23-43 | ||
| 999 | |c 34160 |d 34160 | ||
